[Event "MCR senioru 2019 nad 50 let"]
[Site "Pelclovo divadlo, Rychnov n. K."]
[Date "2019.08.12"]
[Round "3"]
[White "Kolibik, Jan"]
[Black "Langr, Petr"]
[Result "1/2-1/2"]
[WhiteElo "1565"]
[BlackElo "1533"]
[EventDate "2019.08.10"]
[PlyCount "56"]

1. c4 c6 2. Nf3 d5 3. e3 Nf6 4. Nc3 e6 5. a3 b6 6. d4 Ba6 7. b3 Nbd7 8. Be2 Be7
9. Bb2 Rc8 10. O-O O-O 11. cxd5 Bxe2 12. Qxe2 cxd5 13. Rfc1 Bd6 14. g3 Qe7 15.
Nb5 Bb8 16. a4 Ne4 17. Ba3 Nd6 18. Qf1 Rfd8 19. Rxc8 Rxc8 20. Rc1 Rd8 21. Rc6
Nf6 22. Nxd6 Bxd6 23. Bxd6 Rxd6 24. Qc1 Rxc6 25. Qxc6 g6 26. Ne5 Ne4 27. Kg2
Nd2 28. Qc3 Ne4 1/2-1/2

[Event "MCR senioru 2019 nad 50 let"]
[Site "Pelclovo divadlo, Rychnov n. K."]
[Date "2019.08.12"]
[Round "3"]
[White "Vorel, Bohuslav"]
[Black "Spinler, Bronislav"]
[Result "0-1"]
[WhiteElo "1491"]
[BlackElo "1451"]
[EventDate "2019.08.10"]
[PlyCount "87"]

1. e4 c6 2. d4 d5 3. e5 c5 4. c3 Nc6 5. Be3 cxd4 6. cxd4 Bf5 7. Qd2 e6 8. a3
Rc8 9. Nf3 a6 10. Be2 Nge7 11. O-O Na5 12. Qb4 Nec6 13. Qa4 b5 14. Qd1 Nc4 15.
Bxc4 bxc4 16. Nc3 Bd3 17. Re1 Be7 18. Nd2 Qa5 19. Qc1 O-O 20. Nf3 Rb8 21. Bd2
Qc7 22. Ne2 Na5 23. Bxa5 Qxa5 24. Nf4 Be4 25. Nd2 Bf5 26. Ne2 Rfc8 27. Nc3 Bg5
28. g3 Qb6 29. Ne2 Qxb2 30. f4 Qxc1 31. Rexc1 Bd8 32. Kf2 Rb2 33. Ke3 Rcb8 34.
Nf3 Ba5 35. Kf2 R8b3 36. a4 Bd3 37. Nfg1 Bb6 38. Ke1 Ba5+ 39. Kf2 c3 40. Ke3 c2
41. Kf2 Rb1 42. Raxb1 Rxb1 43. Ke3 Be4 44. Nf3 0-1

[Event "MCR senioru 2019 nad 50 let"]
[Site "Pelclovo divadlo, Rychnov n. K"]
[Date "2019.08.12"]
[Round "3"]
[White "Lorencova, Jitka"]
[Black "Portes, Pavel"]
[Result "0-1"]
[WhiteElo "1368"]
[BlackElo "1612"]
[PlyCount "140"]
[EventDate "2019.08.10"]

1. e4 e5 2. Nf3 Nc6 3. Bb5 a6 4. Ba4 Nf6 5. d3 d6 6. h3 Be7 7. c3 b5 8. Bc2 O-O
9. Nbd2 Na5 10. b3 c5 11. Bb2 Nc6 12. a3 Bb7 13. O-O Qd7 14. Re1 Rfe8 15. Nf1
g6 16. Ng3 Bf8 17. Qd2 Bg7 18. d4 cxd4 19. cxd4 Rad8 20. b4 Qe7 21. d5 Na7 22.
Rac1 Rc8 23. Qe3 Ba8 24. Bb3 Rxc1 25. Rxc1 Rc8 26. Kh2 Qb7 27. Nh4 Rxc1 28.
Bxc1 Nc8 29. Bd2 Qb6 30. Qe2 Qd4 31. Nf3 Qb6 32. Be3 Qc7 33. Qc2 Qxc2 34. Bxc2
Bb7 35. Nd2 Nd7 36. Nb3 Ncb6 37. Na5 Bc8 38. Bb3 Bf6 39. Ne2 Kf8 40. Bh6+ Bg7
41. Be3 Bf6 42. g3 Bd8 43. Nc6 Ke8 44. f3 Bb7 45. Nxd8 Kxd8 46. f4 f6 47. g4
Kc7 48. Nc3 Bc8 49. a4 bxa4 50. Nxa4 Nxa4 51. Bxa4 Nb6 52. Bxb6+ Kxb6 53. fxe5
fxe5 54. Kg3 g5 55. Be8 Kc7 56. Ba4 Bd7 57. Bd1 Kb6 58. h4 h6 59. h5 Bb5 60.
Kf2 Bd3 61. Ba4 Bxe4 62. Bc6 Bd3 63. Be8 Bc4 64. Bf7 Kb5 65. Ke3 Kxb4 66. Kd2
Kc5 67. Ke3 Bxd5 68. Bg6 Be6 69. Bf5 Bxf5 70. gxf5 Kd5 0-1

[Event "MCR senioru 2019 nad 60 let"]
[Site "Pelclovo divadlo, Rychnov n. K"]
[Date "2019.08.12"]
[Round "3"]
[White "Kylar, Miroslav"]
[Black "Juricek, Stanislav"]
[Result "1/2-1/2"]
[WhiteElo "1935"]
[BlackElo "2048"]
[PlyCount "30"]
[EventDate "2019.08.10"]

1. Nf3 Nf6 2. c4 d6 3. b3 g6 4. g3 Bg7 5. d4 O-O 6. Bb2 Nbd7 7. Bg2 e5 8. dxe5
Ng4 9. h3 Ngxe5 10. Nxe5 Nxe5 11. Qd2 Qf6 12. Nc3 Re8 13. O-O Be6 14. Rab1 Qd8
15. Kh2 Rb8 1/2-1/2

[Event "MCR senioru 2019 nad 60 let"]
[Site "Pelclovo divadlo, Rychnov n. K"]
[Date "2019.08.12"]
[Round "3"]
[White "Marek, Jiri"]
[Black "Horak, Vladimir"]
[Result "0-1"]
[WhiteElo "1920"]
[BlackElo "1954"]
[PlyCount "114"]
[EventDate "2019.08.10"]

1. e4 e6 2. d4 d5 3. Nc3 dxe4 4. Nxe4 Bd7 5. Nf3 Bc6 6. Bd3 Nd7 7. O-O Ngf6 8.
Qe2 Nxe4 9. Bxe4 Bxe4 10. Qxe4 c6 11. Bg5 Be7 12. Bxe7 Qxe7 13. c4 Nf6 14. Qe5
O-O 15. b3 Rfd8 16. h4 Qd6 17. Rad1 Qxe5 18. dxe5 Ne4 19. Rfe1 Nc3 20. Rd6 Rxd6
21. exd6 c5 22. a3 Rd8 23. Re3 Nb1 24. Re1 Nc3 25. Re3 Nb1 26. Rd3 Nxa3 27. Rd2
b5 28. Ne5 bxc4 29. bxc4 f6 30. Nc6 Rd7 31. Nb8 Nxc4 32. Nxd7 Nxd2 33. Nxc5 Kf7
34. d7 Ke7 35. Nxe6 Kxd7 36. Nxg7 a5 37. Nf5 a4 38. Nd4 a3 39. Nc2 a2 40. Na1
Kd6 41. Kh2 Kd5 42. g4 Kd4 43. f4 Ne4 44. g5 fxg5 45. hxg5 Nxg5 46. fxg5 Kc3
47. Kh3 Kb2 48. Kh4 Kxa1 49. Kh5 Kb2 50. Kh6 a1=Q 51. Kxh7 Qh1+ 52. Kg7 Qb7+
53. Kh6 Qf7 54. g6 Qg8 55. g7 Kc3 56. Kg6 Kd4 57. Kf6 Kd5 0-1

[Event "MCR senioru 2019 nad 60 let"]
[Site "Pelclovo divadlo, Rychnov n. K"]
[Date "2019.08.12"]
[Round "3"]
[White "Bartos, Alois"]
[Black "Banoci, Jaroslav"]
[Result "1-0"]
[WhiteElo "1953"]
[BlackElo "1790"]
[PlyCount "67"]
[EventDate "2019.08.10"]

1. e4 g6 2. d4 Bg7 3. c4 d6 4. Nc3 Nf6 5. h3 O-O 6. Bd3 Nc6 7. Nf3 Nd7 8. Be3
e5 9. d5 Ne7 10. g4 Nc5 11. Bxc5 dxc5 12. Qc2 f5 13. gxf5 gxf5 14. O-O-O a6 15.
Kb1 f4 16. Rdg1 Kh8 17. Rxg7 Kxg7 18. Nxe5 Qd6 19. Nf3 Qh6 20. e5 Bf5 21. e6
Bxd3 22. Qxd3 Rf5 23. Ne4 b6 24. Rg1+ Kf8 25. Qc3 Ng6 26. d6 Ra7 27. d7 Ra8 28.
Neg5 Ke7 29. Qd3 Rf6 30. Nf7 Qf8 31. N3g5 Rxe6 32. Nxe6 Qxf7 33. d8=Q+ Rxd8 34.
Nxd8 1-0

[Event "MCR senioru 2019 nad 60 let"]
[Site "Pelclovo divadlo, Rychnov n. K."]
[Date "2019.08.12"]
[Round "3"]
[White "Papay, Jindrich"]
[Black "Brhlik, Antonin"]
[Result "1/2-1/2"]
[WhiteElo "1943"]
[BlackElo "1624"]
[EventDate "2019.08.10"]
[PlyCount "114"]

1. f4 c5 2. Nf3 d5 3. g3 Nc6 4. Bg2 Nf6 5. d3 g6 6. c3 Qc7 7. O-O Bg7 8. Qe1
Bg4 9. e4 dxe4 10. dxe4 Bxf3 11. Rxf3 e5 12. f5 h6 13. Na3 g5 14. Rd3 Rd8 15.
Rxd8+ Nxd8 16. Qe2 a6 17. Be3 O-O 18. Qc4 b6 19. h3 Qb7 20. Rd1 Nc6 21. Qb3 Na5
22. Qc2 Rc8 23. Kh2 Bf8 24. Qe2 b5 25. Nb1 Nc4 26. Bc1 Nb6 27. Bf3 Qc7 28. Nd2
Rd8 29. Nf1 Rxd1 30. Qxd1 Qd6 31. Qe2 c4 32. h4 gxh4 33. gxh4 Kh7 34. Ng3 Nbd7
35. b4 Qd3 36. Qxd3 cxd3 37. Kg2 Nb6 38. Kf2 Nc4 39. Be3 Be7 40. Nf1 Nd7 41.
Kg3 Ndb6 42. Bxb6 Nxb6 43. Ne3 Nc4 44. Nxc4 bxc4 45. a3 Bd8 46. Bd1 Kg7 47. h5
Bg5 48. Kf3 Bd2 49. Ba4 Bxc3 50. Ke3 Bd4+ 51. Kd2 Bb2 52. b5 axb5 53. Bxb5 Bxa3
54. Bxc4 Kf6 55. Kxd3 Bc5 56. Bd5 Ke7 57. Kc4 Be3 1/2-1/2

[Event "MCR senioru 2019 nad 60 let"]
[Site "Pelclovo divadlo, Rychnov n. K."]
[Date "2019.08.12"]
[Round "3"]
[White "Vagner, Ladislav"]
[Black "Urban, Zdenek"]
[Result "1/2-1/2"]
[WhiteElo "1951"]
[BlackElo "2115"]
[EventDate "2019.08.10"]
[PlyCount "94"]

1. d4 Nf6 2. Nf3 g6 3. Bg5 Bg7 4. Nbd2 d5 5. h3 O-O 6. c3 c5 7. dxc5 Nbd7 8.
Nb3 a5 9. a4 Qc7 10. Be3 Rd8 11. Qc1 e5 12. g4 Ne4 13. Bg2 Nexc5 14. Nxc5 Nxc5
15. Bxc5 Qxc5 16. O-O Be6 17. e3 Rac8 18. Ng5 Bd7 19. Qd2 e4 20. Rfd1 Qe7 21.
Qxd5 Bxa4 22. Qxf7+ Qxf7 23. Rxd8+ Qe8 24. Rxe8+ Bxe8 25. Nxe4 b6 26. Nd6 Rb8
27. Bd5+ Kf8 28. Nxe8 Rxe8 29. Ra4 Be5 30. Re4 Bd6 31. Rxe8+ Kxe8 32. Bg8 h6
33. Kf1 Ke7 34. Ke2 Kf6 35. f4 g5 36. f5 Bc5 37. Bc4 Ke5 38. Kd3 Be7 39. Ba6
Bf6 40. Bb7 Bg7 41. Kc4 Kd6 42. Bf3 Be5 43. Bd1 Kc6 44. Ba4+ Kd6 45. Bc2 Kc6
46. Be4+ Kd6 47. Bc2 Kc6 1/2-1/2

[Event "MCR senioru 2019 nad 60 let"]
[Site "Pelclovo divadlo, Rychnov n. K."]
[Date "2019.08.12"]
[Round "3"]
[White "Mlynek, Petr"]
[Black "Mares, Petr"]
[Result "1-0"]
[WhiteElo "2094"]
[BlackElo "1888"]
[EventDate "2019.08.10"]
[PlyCount "83"]

1. d4 g6 2. c4 Bg7 3. Nf3 Nf6 4. g3 d6 5. Bg2 O-O 6. O-O Nbd7 7. Nc3 e5 8. e4
Re8 9. h3 exd4 10. Nxd4 Nc5 11. Re1 h6 12. Rb1 a5 13. Ndb5 Be6 14. e5 dxe5 15.
Qxd8 Raxd8 16. Nxc7 Re7 17. Nxe6 Rxe6 18. Nd5 Nxd5 19. Bxd5 Re7 20. Be3 Nd3 21.
Red1 e4 22. f3 Rxd5 23. cxd5 Nxb2 24. d6 Rd7 25. Rd5 Nc4 26. Kf2 exf3 27. Kxf3
f5 28. Rc1 Ne5+ 29. Ke2 Nc6 30. Bb6 Kf7 31. Bxa5 Ke6 32. Rcd1 Be5 33. Bc7 Bxg3
34. Rb5 Bxd6 35. Bxd6 Rxd6 36. Rxd6+ Kxd6 37. Rxb7 f4 38. Kf3 g5 39. Ke4 Kc5
40. Rh7 Nb4 41. a3 Nc2 42. Rc7+ 1-0

[Event "MCR senioru 2019 nad 60 let"]
[Site "Pelclovo divadlo, Rychnov n. K"]
[Date "2019.08.12"]
[Round "3"]
[White "Pospisil, Evzen"]
[Black "Pittermann, Jan"]
[Result "1-0"]
[WhiteElo "2040"]
[BlackElo "1822"]
[PlyCount "105"]
[EventDate "2019.08.10"]

1. d4 Nf6 2. Nf3 g6 3. c4 Bg7 4. g3 O-O 5. Bg2 c5 6. O-O cxd4 7. Nxd4 Nc6 8.
Nc3 Qb6 9. e3 a6 10. b3 d6 11. Bb2 Ne5 12. Qc2 Bd7 13. h3 Bc6 14. Nxc6 bxc6 15.
Na4 Qc7 16. Bxe5 dxe5 17. Rad1 Rad8 18. Rxd8 Rxd8 19. Rd1 Rxd1+ 20. Qxd1 c5 21.
Qf3 e4 22. Qd1 Qd6 23. Qxd6 exd6 24. Nc3 Kf8 25. Bxe4 Nxe4 26. Nxe4 Ke7 27. Kf1
f5 28. Nd2 Ke6 29. Ke2 h6 30. h4 d5 31. cxd5+ Kxd5 32. Kd3 Bf6 33. Nc4 Kc6 34.
f3 g5 35. h5 Bg7 36. e4 f4 37. gxf4 gxf4 38. a4 Bh8 39. Nd2 Bg7 40. Kc4 Bf6 41.
Nf1 Bg7 42. Nh2 Bf8 43. Ng4 Kd6 44. Nf2 Ke5 45. Nd3+ Kf6 46. Nxf4 Bd6 47. Nd3
Kg5 48. Kd5 Bf8 49. Nxc5 Bxc5 50. Kxc5 Kxh5 51. e5 Kg6 52. e6 Kg7 53. Kd6 1-0

[Event "MCR senioru 2019 nad 60 let"]
[Site "Pelclovo divadlo, Rychnov n. K"]
[Date "2019.08.12"]
[Round "3"]
[White "Sobotnik, Petr"]
[Black "Novotny, Josef"]
[Result "0-1"]
[WhiteElo "1888"]
[BlackElo "1967"]
[PlyCount "64"]
[EventDate "2019.08.10"]

1. c4 e6 2. Nc3 d6 3. d4 g6 4. e4 Bg7 5. Nf3 Ne7 6. Bd3 c6 7. Be3 b6 8. Qd2 h6
9. Rc1 Na6 10. a3 Nc7 11. h3 Bb7 12. b4 Qd7 13. b5 e5 14. dxe5 dxe5 15. bxc6
Nxc6 16. Nd5 Na5 17. Qc3 Nxd5 18. cxd5 O-O 19. O-O Bxd5 20. exd5 e4 21. Qc2
exf3 22. Be4 fxg2 23. Bxg2 Rac8 24. Qd3 Kh7 25. Bd2 Nb7 26. Bf4 Nc5 27. Qg3
Rfd8 28. h4 Qa4 29. Bh3 Ra8 30. Rfd1 Ne4 31. Qe3 Nc3 32. Rxc3 Qxd1+ 0-1

[Event "MCR senioru 2019 nad 60 let"]
[Site "Pelclovo divadlo, Rychnov n. K"]
[Date "2019.08.12"]
[Round "3"]
[White "Novotny, Jaroslav"]
[Black "Humlicek, Vojtech"]
[Result "1/2-1/2"]
[WhiteElo "1965"]
[BlackElo "1890"]
[PlyCount "46"]
[EventDate "2019.08.10"]

1. e4 c5 2. Nf3 a6 3. c3 d5 4. exd5 Qxd5 5. Be2 Nc6 6. d4 cxd4 7. cxd4 e6 8.
Nc3 Qd8 9. Bf4 Nf6 10. O-O Be7 11. Qd2 O-O 12. Rfd1 Nb4 13. Ne5 Nbd5 14. Bg3
Nxc3 15. Qxc3 Ne4 16. Qb3 Nxg3 17. hxg3 f6 18. Ng4 Qd6 19. Bf3 Rb8 20. Ne3 Kh8
21. Nc4 Qb4 22. Qxb4 Bxb4 23. a3 b5 1/2-1/2

[Event "MCR senioru 2019 nad 60 let"]
[Site "Pelclovo divadlo, Rychnov n. K"]
[Date "2019.08.12"]
[Round "3"]
[White "Kubala, Karel"]
[Black "Jindrasek, Mojmir"]
[Result "1/2-1/2"]
[WhiteElo "1934"]
[BlackElo "1785"]
[PlyCount "69"]
[EventDate "2019.08.10"]

1. d4 d5 2. Nf3 Nf6 3. c4 e6 4. Nc3 c5 5. cxd5 exd5 6. Bg5 Be6 7. e3 cxd4 8.
Nxd4 Be7 9. Qb3 Qb6 10. Qxb6 axb6 11. Bb5+ Nbd7 12. Ke2 h6 13. Bh4 g5 14. Bg3
O-O 15. a3 Nc5 16. f3 Rfc8 17. Rad1 Ncd7 18. Rd2 Bxa3 19. Bxd7 Nxd7 20. Ncb5
Bb4 21. Rdd1 Ra2 22. Rb1 Kf8 23. Be1 Bxe1 24. Kxe1 Rxb2 25. Rxb2 Rc1+ 26. Kf2
Rxh1 27. Nc7 Ke7 28. Na8 Rd1 29. Nxb6 Nc5 30. Kg3 Rd3 31. Rc2 Na6 32. Kf2 Ra3
33. g4 Ra5 34. Ke2 Nc5 35. Rb2 1/2-1/2

[Event "MCR senioru 2019 nad 70 a 80 let"]
[Site "Pelclovo divadlo, Rychnov n. K"]
[Date "2019.08.12"]
[Round "3"]
[White "Fiser, Jiri"]
[Black "Trojan, Lubos"]
[Result "0-1"]
[WhiteElo "1918"]
[BlackElo "1955"]
[PlyCount "58"]
[EventDate "2019.08.10"]

1. e4 c5 2. Nf3 a6 3. c3 e6 4. d4 d5 5. e5 Nd7 6. Bd3 Ne7 7. O-O Nc6 8. a3 Be7
9. Re1 b6 10. Nbd2 g5 11. dxc5 bxc5 12. Qa4 Bb7 13. Nf1 h5 14. h3 Nb6 15. Qd1
g4 16. hxg4 hxg4 17. N3h2 Qc7 18. Nxg4 O-O-O 19. f4 c4 20. Be2 d4 21. cxd4 Nxd4
22. Be3 Nb3 23. Qc2 Nxa1 24. Rxa1 Bc5 25. Rc1 Kb8 26. b4 Bxe3+ 27. Nfxe3 Rd4
28. g3 Qc6 29. Kf2 Rhd8 0-1

[Event "MCR senioru 2019 nad 70 a 80 let"]
[Site "Pelclovo divadlo, Rychnov n. K"]
[Date "2019.08.12"]
[Round "3"]
[White "Slizek, Josef"]
[Black "Jacek, Miloslav"]
[Result "1/2-1/2"]
[WhiteElo "1935"]
[BlackElo "1941"]
[PlyCount "42"]
[EventDate "2019.08.10"]

1. e4 c5 2. Nf3 d6 3. d4 cxd4 4. Nxd4 Nf6 5. Nc3 a6 6. Bg5 e6 7. f4 Be7 8. Qf3
Nbd7 9. O-O-O Qc7 10. g4 b5 11. Bxf6 Nxf6 12. g5 Nd7 13. Bh3 Nc5 14. a3 Rb8 15.
b4 Na4 16. Rd3 O-O 17. Nxa4 bxa4 18. Rc3 Qb6 19. Nc6 Rb7 20. Qe3 Qxe3+ 21. Rxe3
Bd8 1/2-1/2

[Event "MCR senioru 2019 nad 70 a 80 let"]
[Site "Pelclovo divadlo, Rychnov n. K"]
[Date "2019.08.12"]
[Round "3"]
[White "Papan, Cyril"]
[Black "Briza, Jiri"]
[Result "1/2-1/2"]
[WhiteElo "1932"]
[BlackElo "1884"]
[PlyCount "40"]
[EventDate "2019.08.10"]

1. e4 e5 2. Nf3 Nc6 3. Bb5 a6 4. Bxc6 dxc6 5. O-O Bg4 6. h3 Bh5 7. d3 Bd6 8.
Nbd2 Qd7 9. Re1 O-O-O 10. Nf1 Ne7 11. Ng3 Bg6 12. Qe2 c5 13. Be3 f6 14. c3 Nc6
15. Rad1 Rhe8 16. Qc2 Qe6 17. Qa4 f5 18. exf5 Bxf5 19. Nxf5 Qxf5 20. Qg4 g6
1/2-1/2

[Event "MCR senioru 2019 nad 70 a 80 let"]
[Site "Pelclovo divadlo, Rychnov n. K."]
[Date "2019.08.12"]
[Round "3"]
[White "Haderka, Karel"]
[Black "Vlacil, Vladimir"]
[Result "1-0"]
[WhiteElo "1817"]
[BlackElo "1930"]
[EventDate "2019.08.10"]
[PlyCount "105"]

1. c4 e5 2. Nc3 Nf6 3. g3 d5 4. cxd5 Nxd5 5. Bg2 Nb6 6. d3 Be7 7. Nf3 Nc6 8.
O-O O-O 9. Be3 Be6 10. Ne4 h6 11. Nc5 Bc8 12. Rc1 Nd7 13. a3 Rb8 14. b4 Bd6 15.
Nd2 Nd4 16. Ndb3 Nxb3 17. Qxb3 Nf6 18. d4 b6 19. dxe5 Bxe5 20. Rfd1 Qe7 21. Nd3
Bd6 22. Nf4 Bf5 23. h3 Be4 24. Bxe4 Qxe4 25. Rd4 Qe7 26. Ng6 Qd7 27. Nxf8 Qxh3
28. Rh4 Qf5 29. Qd3 Qxd3 30. exd3 Kxf8 31. Bf4 Ke7 32. Bxd6+ Kxd6 33. Rhc4 Nd5
34. b5 Re8 35. Kf1 Ra8 36. Rg4 g6 37. Rc6+ Ke7 38. Re4+ Kf8 39. Kg1 Rc8 40. Ra4
Ra8 41. Rd4 Rd8 42. Rxc7 Nxc7 43. Rxd8+ Ke7 44. Rb8 Nxb5 45. Rb7+ Ke6 46. a4
Nd6 47. Rxa7 Kd5 48. Kf1 Kc5 49. Ke2 b5 50. axb5 f6 51. Ra6 Nxb5 52. Rxf6 Nc3+
53. Kd2 1-0

[Event "MCR senioru 2019 nad 70 a 80 let"]
[Site "Pelclovo divadlo, Rychnov n. K."]
[Date "2019.08.12"]
[Round "3"]
[White "Klimes, Jiri"]
[Black "Pilar, Miloslav"]
[Result "1/2-1/2"]
[WhiteElo "1869"]
[BlackElo "2078"]
[EventDate "2019.08.10"]
[PlyCount "80"]

1. e4 e6 2. b3 d5 3. Bb2 Nf6 4. exd5 exd5 5. Nf3 Be7 6. Be2 O-O 7. O-O Bf5 8.
Nd4 Bg6 9. f4 c5 10. Nf3 Bf5 11. Ne5 Nc6 12. g4 Bc8 13. Bf3 Nxe5 14. fxe5 Ne8
15. Nc3 Be6 16. Qe2 Nc7 17. Nb5 Nxb5 18. Qxb5 Qc7 19. Qe2 Rad8 20. Qg2 b6 21.
Rad1 d4 22. Rde1 a5 23. d3 Bg5 24. Qg3 Qe7 25. Re2 Be3+ 26. Kh1 Bd5 27. Bc1
Bxf3+ 28. Qxf3 Bxc1 29. Rxc1 Qe6 30. Qf5 Rde8 31. Kg2 Re7 32. Rce1 Rfe8 33.
Qxe6 Rxe6 34. Re4 R8e7 35. Kg3 Kf8 36. a4 Ke8 37. Kf4 Kd7 38. h4 f6 39. exf6
Rxf6+ 40. Kg3 Ref7 1/2-1/2

[Event "MCR senioru 2019 nad 70 a 80 let"]
[Site "Pelclovo divadlo, Rychnov n. K"]
[Date "2019.08.12"]
[Round "3"]
[White "Jablecnik, Gustav"]
[Black "Pavlicek, Petr"]
[Result "1/2-1/2"]
[WhiteElo "2006"]
[BlackElo "1829"]
[PlyCount "46"]
[EventDate "2019.08.10"]

1. e4 e5 2. Nc3 Nf6 3. f4 d5 4. fxe5 Nxe4 5. Nxe4 dxe4 6. d4 exd3 7. Qxd3 Qxd3
8. Bxd3 Be6 9. Nf3 Bc5 10. c3 Nd7 11. b4 Be7 12. Bf4 Nb6 13. Nd4 Nd5 14. Bd2
O-O-O 15. O-O-O Nxb4 16. Bf5 Bxf5 17. Nxf5 Nc6 18. Nxe7+ Nxe7 19. Rdf1 Rhf8 20.
c4 Nc6 21. Bc3 Rde8 22. Re1 Re6 23. Rhf1 Nxe5 1/2-1/2

[Event "MCR senioru 2019 nad 70 a 80 let"]
[Site "Pelclovo divadlo, Rychnov n. K"]
[Date "2019.08.12"]
[Round "3"]
[White "Kohout, Jan"]
[Black "Just, Pavel"]
[Result "1/2-1/2"]
[WhiteElo "1880"]
[BlackElo "1981"]
[PlyCount "64"]
[EventDate "2019.08.10"]

1. e4 e5 2. Nf3 Nc6 3. Nc3 Nf6 4. Bb5 Bb4 5. O-O O-O 6. Re1 d6 7. h3 Ne7 8. a3
Bxc3 9. bxc3 c6 10. Bf1 Ng6 11. d4 h6 12. a4 Qc7 13. Bd3 c5 14. Qe2 Be6 15. Bc4
Bxc4 16. Qxc4 Rac8 17. d5 b6 18. Bd2 Rb8 19. Reb1 Rb7 20. Nh2 Qd7 21. f3 Rfb8
22. Qb5 Qxb5 23. axb5 c4 24. Nf1 Rc8 25. Ra4 Nd7 26. Be3 Nf4 27. Kf2 Kf8 28.
Nd2 Ke7 29. Rbb4 Rbc7 30. Rxc4 Ng6 31. Rc6 Nb8 32. Rxc7+ Rxc7 1/2-1/2

[Event "MCR senioru 2019 nad 70 a 80 let"]
[Site "Pelclovo divadlo, Rychnov n. K"]
[Date "2019.08.12"]
[Round "3"]
[White "Volf, Jaroslav"]
[Black "Pokorny, Jan"]
[Result "1/2-1/2"]
[WhiteElo "1977"]
[BlackElo "1874"]
[PlyCount "102"]
[EventDate "2019.08.10"]

1. e4 c5 2. c3 d6 3. d4 cxd4 4. cxd4 Nf6 5. Nc3 g6 6. Nf3 Bg7 7. Be2 O-O 8. O-O
a6 9. a3 b5 10. Qb3 Bb7 11. e5 Ne4 12. Bf4 Nxc3 13. bxc3 d5 14. a4 e6 15. axb5
Qb6 16. Rfb1 axb5 17. Rxa8 Bxa8 18. Qxb5 Qc7 19. Qb6 Qc8 20. Bd2 Nd7 21. Qa7
Bc6 22. Ba6 Qa8 23. Qxa8 Rxa8 24. Bb5 Rb8 25. Bd3 Rxb1+ 26. Bxb1 Bb5 27. Ne1
Nb6 28. Bd3 Bxd3 29. Nxd3 Bf8 30. Kf1 Kg7 31. Ke2 Nc4 32. Bc1 h6 33. Nb2 Ba3
34. Nxc4 Bxc1 35. Ne3 Ba3 36. c4 dxc4 37. Nxc4 Bb4 38. Ke3 g5 39. Ke4 Kg6 40.
Ne3 Be1 41. f3 Bc3 42. Ng4 Bb2 43. Nf2 Bc3 44. Ke3 Bb2 45. Ne4 Ba3 46. g4 Bb2
47. Ng3 Ba3 48. Nh5 Bc1+ 49. Ke4 Bb2 50. f4 gxf4 51. h4 f3 1/2-1/2

[Event "MCR senioru 2019 nad 70 a 80 let"]
[Site "Pelclovo divadlo, Rychnov n. K."]
[Date "2019.08.12"]
[Round "3"]
[White "Kotva, Milan"]
[Black "Rucka, Alois"]
[Result "1-0"]
[WhiteElo "1862"]
[BlackElo "1941"]
[EventDate "2019.08.10"]
[PlyCount "34"]

1. e4 c5 2. Nf3 Nc6 3. d4 cxd4 4. Nxd4 e6 5. Nc3 a6 6. Be3 Nf6 7. Nxc6 bxc6 8.
Be2 Be7 9. O-O O-O 10. f4 d5 11. e5 Nd7 12. Na4 Qc7 13. c4 Bb7 14. Rc1 Qd8 15.
c5 f6 16. exf6 Bxf6 17. Bg4 Qe7 {Necitelny zapis} 1-0

[Event "MCR senioru 2019 nad 70 a 80 let"]
[Site "Pelclovo divadlo, Rychnov n. K"]
[Date "2019.08.12"]
[Round "3"]
[White "Most, Zdenek"]
[Black "Holecek, Vladimir"]
[Result "1/2-1/2"]
[WhiteElo "2008"]
[BlackElo "1898"]
[PlyCount "61"]
[EventDate "2019.08.10"]

1. d4 d5 2. Nf3 Nf6 3. g3 e6 4. Bg2 c5 5. O-O Nc6 6. c4 dxc4 7. Qa4 Bd7 8. Qxc4
cxd4 9. Nxd4 Rc8 10. Nxc6 Bxc6 11. Bxc6+ Rxc6 12. Qb5 Qc8 13. Nc3 a6 14. Qb3
Be7 15. Bg5 O-O 16. Rad1 h6 17. Bf4 Rd8 18. h3 Rc4 19. Rxd8+ Bxd8 20. Rd1 Be7
21. Bd6 Bxd6 22. Rxd6 Rc6 23. Rd3 Rc7 24. Qd1 Rd7 25. Ne4 Rxd3 26. Nxf6+ gxf6
27. exd3 f5 28. Qd2 Qd7 29. Kg2 Qd5+ 30. Kg1 Kh7 31. f4 1/2-1/2

[Event "MCR senioru 2019 nad 50 let"]
[Site "Pelclovo divadlo, Rychnov n. K"]
[Date "2019.08.13"]
[Round "4"]
[White "Pelikan, Jaromir"]
[Black "Vorackova, Jarmila"]
[Result "1-0"]
[WhiteElo "1760"]
[BlackElo "1832"]
[PlyCount "63"]
[EventDate "2019.08.10"]

1. Nf3 Nf6 2. g3 d5 3. d4 Bf5 4. Bg2 e6 5. O-O Be4 6. c4 c6 7. Nc3 Nbd7 8. Nxe4
Nxe4 9. cxd5 cxd5 10. Nd2 Nxd2 11. Bxd2 Be7 12. e4 Nf6 13. e5 Nd7 14. Qg4 g6
15. Bh6 Qb6 16. b3 Ba3 17. Rfd1 Rg8 18. Bg5 Rc8 19. Rab1 Qa5 20. Bd2 Qc7 21.
Qf4 Qc2 22. Rdc1 Bxc1 23. Rxc1 Qxc1+ 24. Bxc1 f5 25. Qh6 Nf8 26. Ba3 Rc7 27.
Bf1 a6 28. Qg5 Rf7 29. Qc1 Kd8 30. Bd6 g5 31. Qc5 Rd7 32. Bxf8 1-0

[Event "MCR senioru 2019 nad 50 let"]
[Site "Pelclovo divadlo, Rychnov n. K"]
[Date "2019.08.13"]
[Round "4"]
[White "Kalousek, Vladimir"]
[Black "Pribyl, Rene"]
[Result "1/2-1/2"]
[WhiteElo "1979"]
[BlackElo "1991"]
[PlyCount "174"]
[EventDate "2019.08.10"]

1. d4 d5 2. Nf3 Nf6 3. Bf4 e6 4. e3 Bd6 5. Bg5 Nbd7 6. Bd3 c5 7. c3 b6 8. Nbd2
Bb7 9. O-O Qc7 10. Bxf6 Nxf6 11. Qe2 O-O 12. e4 dxe4 13. Nxe4 Nxe4 14. Bxe4
Bxe4 15. Qxe4 cxd4 16. cxd4 Rac8 17. Rad1 Qc2 18. Qxc2 Rxc2 19. Rb1 Rfc8 20. g3
Be7 21. Rfd1 g6 22. d5 Bc5 23. Nd4 Bxd4 24. Rxd4 e5 25. Re4 f6 26. f4 exf4 27.
gxf4 Rd2 28. Re7 Rxd5 29. Rxa7 Rd2 30. b3 Rcc2 31. Re1 Rg2+ 32. Kh1 Rxh2+ 33.
Kg1 Rhg2+ 34. Kh1 Rge2 35. Rd1 Rh2+ 36. Kg1 Rcg2+ 37. Kf1 Rh1+ 38. Kxg2 Rxd1
39. Ra6 Kg7 40. a4 Rd6 41. a5 Rd2+ 42. Kg1 bxa5 43. Rxa5 h5 44. Ra7+ Kf8 45. b4
Rd4 46. b5 Rb4 47. f5 Rxb5 48. fxg6 Rg5+ 49. Kh2 Rxg6 50. Rh7 Rg5 51. Kh3 Kg8
52. Ra7 Rg7 53. Ra5 Kf7 54. Rxh5 Ke6 55. Ra5 f5 56. Rb5 Rg4 57. Ra5 Kf6 58. Rb5
Kg5 59. Rb8 Ra4 60. Kg3 Ra3+ 61. Kf2 Kg4 62. Rg8+ Kf4 63. Rb8 Ra2+ 64. Kf1 Kf3
65. Rb3+ Kg4 66. Rb4+ f4 67. Rb3 Ra4 68. Rc3 Re4 69. Kf2 Rb4 70. Ra3 Rb8 71.
Rc3 Rb4 72. Ra3 Rb8 73. Rc3 Rb4 74. Ra3 Rb8 75. Rc3 Rh8 76. Kg2 Ra8 77. Kf2
Ra2+ 78. Kf1 f3 79. Rc8 Ra4 80. Rg8+ Kf4 81. Rf8+ Ke3 82. Re8+ Re4 83. Rxe4+
Kxe4 84. Kf2 Kf4 85. Kf1 Ke3 86. Ke1 f2+ 87. Kf1 Kf3 1/2-1/2

[Event "MCR senioru 2019 nad 50 let"]
[Site "Pelclovo divadlo, Rychnov n. K"]
[Date "2019.08.13"]
[Round "4"]
[White "Spinler, Bronislav"]
[Black "Blazek, Tomas"]
[Result "0-1"]
[WhiteElo "1451"]
[BlackElo "1910"]
[PlyCount "62"]
[EventDate "2019.08.10"]

1. d4 e6 2. e3 f5 3. Bd3 Nf6 4. Nd2 d5 5. Ngf3 Bd6 6. c4 c6 7. h3 Nbd7 8. O-O
O-O 9. Ng5 Qe8 10. Re1 Ne4 11. Ngxe4 fxe4 12. Bb1 Qf7 13. Rf1 Nf6 14. c5 Bc7
15. f3 exf3 16. Nxf3 Qe7 17. Ng5 e5 18. e4 h6 19. Nh7 Nxh7 20. Rxf8+ Qxf8 21.
exd5 cxd5 22. Bg6 Bf5 23. Bxh7+ Kxh7 24. Be3 Qf6 25. Qd2 exd4 26. Bxd4 Be5 27.
Bxe5 Qxe5 28. Rf1 Re8 29. b4 Bg6 30. a4 Qe3+ 31. Qxe3 Rxe3 0-1

[Event "MCR senioru 2019 nad 50 let"]
[Site "Pelclovo divadlo, Rychnov n. K"]
[Date "2019.08.13"]
[Round "4"]
[White "Portes, Pavel"]
[Black "Langr, Petr"]
[Result "1-0"]
[WhiteElo "1612"]
[BlackElo "1533"]
[PlyCount "63"]
[EventDate "2019.08.10"]

1. e4 c6 2. d4 d5 3. exd5 cxd5 4. Bd3 Nc6 5. Nf3 Bg4 6. c3 e6 7. Qb3 Qc7 8.
Nbd2 Bd6 9. Bb5 Nge7 10. c4 O-O 11. Bxc6 bxc6 12. c5 Rab8 13. cxd6 Qxd6 14. Qc3
Rfc8 15. Ne5 Bf5 16. Nb3 f6 17. Nd3 Bxd3 18. Qxd3 e5 19. dxe5 fxe5 20. O-O c5
21. Qg3 Nf5 22. Qg4 g6 23. Re1 Rb4 24. Qe2 c4 25. Nd2 e4 26. Nf1 Rf8 27. Qd2 c3
28. bxc3 Rc4 29. Ba3 Qe5 30. Bxf8 Rxc3 31. Bb4 Rd3 32. Qxd3 1-0